000 00716nam0a22002411 4500
001 rc\3001751
005 20110920091149.5
035 _a(NLR Aleph) 007144853
090 _a7092221
_c7092221
100 _a20110920d1940 |||y0rusy50 ca
101 0 _arus
102 _aRU
105 _ay z |||||
200 1 _aДорога на Запад
_e[Очерки]
210 _aМосква
_cГослитизд.
_d1940
215 _a128 с.
_d17 см
300 _aЖурн. Новый мир, 1940, №№ 4, 5, 7
700 1 _aЛидин
_bВ. Г.
_f1894-1979
_gВладимир Германович
801 0 _aRU
_bNLR
_gpsbo
801 1 _aRU
_bELAR
_2rusmarc
852 _aNLR
_bЛ
_j30 В-1/34
942 _cBOOK
980 _aNB